<?xml version="1.0" encoding="UTF-8"?>
<record
    xmlns:xsi="http://www.w3.org/2001/XMLSchema-instance"
    xsi:schemaLocation="http://www.loc.gov/MARC21/slim http://www.loc.gov/standards/marcxml/schema/MARC21slim.xsd"
    xmlns="http://www.loc.gov/MARC21/slim">

  <leader>03082cam a2200325 i 4500</leader>
  <controlfield tag="008">111201s2011    sp a     b    000 0 spa c</controlfield>
  <datafield tag="010" ind1=" " ind2=" ">
    <subfield code="a">  2012393396</subfield>
  </datafield>
  <datafield tag="020" ind1=" " ind2=" ">
    <subfield code="a">3865276660 (Vervuert)</subfield>
  </datafield>
  <datafield tag="020" ind1=" " ind2=" ">
    <subfield code="a">8484896129 (Iberoamericana)</subfield>
  </datafield>
  <datafield tag="020" ind1=" " ind2=" ">
    <subfield code="a">9783865276667 (Vervuert)</subfield>
  </datafield>
  <datafield tag="020" ind1=" " ind2=" ">
    <subfield code="a">9788484896128 (Iberoamericana)</subfield>
  </datafield>
  <datafield tag="040" ind1=" " ind2=" ">
    <subfield code="a">CGU</subfield>
    <subfield code="b">eng</subfield>
    <subfield code="c">CGU</subfield>
    <subfield code="e">rda</subfield>
    <subfield code="d">C3L</subfield>
    <subfield code="d">OHX</subfield>
    <subfield code="d">NOC</subfield>
    <subfield code="d">PL#</subfield>
    <subfield code="d">DLC</subfield>
  </datafield>
  <datafield tag="043" ind1=" " ind2=" ">
    <subfield code="a">cl-----</subfield>
  </datafield>
  <datafield tag="050" ind1="0" ind2="0">
    <subfield code="a">F1231</subfield>
    <subfield code="b">.C384 2011  </subfield>
  </datafield>
  <datafield tag="092" ind1="0" ind2="4">
    <subfield code="a">972.02</subfield>
    <subfield code="b">C39792</subfield>
    <subfield code="2">21</subfield>
  </datafield>
  <datafield tag="099" ind1=" " ind2=" ">
    <subfield code="a">04</subfield>
    <subfield code="a">972.02 C39792</subfield>
  </datafield>
  <datafield tag="245" ind1="0" ind2="0">
    <subfield code="a">Centro y periferia :</subfield>
    <subfield code="b">cultura, lengua y literatura virreinales en America /</subfield>
    <subfield code="c">Claudia Parodi, Jimena Rodriguez (eds.).</subfield>
  </datafield>
  <datafield tag="260" ind1=" " ind2=" ">
    <subfield code="a">Madrid :</subfield>
    <subfield code="b">Iberoamericana ;</subfield>
    <subfield code="a">Frankfurt am Main :</subfield>
    <subfield code="b">Vervuert,</subfield>
    <subfield code="c">2011.</subfield>
  </datafield>
  <datafield tag="300" ind1=" " ind2=" ">
    <subfield code="a">269 p. :</subfield>
    <subfield code="b">illustrations ;</subfield>
    <subfield code="c">23 cm.</subfield>
  </datafield>
  <datafield tag="504" ind1=" " ind2=" ">
    <subfield code="a">Includes bibliographical references.</subfield>
  </datafield>
  <datafield tag="505" ind1="0" ind2=" ">
    <subfield code="a">El naufragio : &#x625;cr&#xE2;onica, ficci&#xE2;on, historia? / Margo Glantz -- Fiestas palaciegas : sor Juana In&#xE2;es de la Cruz y el Neptuno aleg&#xE2;orico, Carlos de Sig&#xE8;uenza y G&#xE2;ongora y el Teatro de virtudes pol&#xE2;iticas / Claudia Parodi -- Ciudad l&#xE2;udica : juegos, diversiones p&#xE2;ublicas, caballos, libreas y otras galas novohispanas / Mar&#xE2;ia Jos&#xE2;e Rodilla -- El viaje como relato intercalado en cr&#xE2;onicas de la Conquista : la expedicion a las Hibueras en la Historia verdadera / Jimena Rodr&#xE2;iguez -- Carlos de Sig&#xE8;uenza y Gongora y el archivo criollo en la Nueva Espa&#x646;na / Anna More -- El criollismo de Jos&#xE2;e de Eguiara y Eguren en los Pr&#xE2;ologos a la Biblioteca mexicana / Covadonga Lamar Prieto -- Del discurso historiogr&#xE2;afico al discurso paneg&#xE2;irico en relaciones de m&#xE2;eritos de Pedro Porter Casanate, explorador del Golfo de California / Manuel P&#xE2;erez -- Un cancionero popular o las m&#xE2;ascaras de la voz / Mariana Masera -- Las cosas de la tierra : las enfermedades en las Relaciones geogr&#xE2;aficas del siglo XVI / Enrique Delgado L&#xE2;opez, Marco Antonio P&#xE2;erez Dur&#xE2;an y Gabriela Torres Montero -- Siclaco verbum caro : ecos del teatro &#xE2;aureo en la provincia m&#xE2;as distante de la Nueva Espa&#x646;na / Leonardo Sancho Dobles -- Literatura, historia y naci&#xE2;on : la funci&#xE2;on legal y subversiva que (ob)tuvo el discurso de Jim&#xE2;enez de Quesada en la instauraci&#xE2;on y abolici&#xE2;on de la Nueva Granada y en la formaci&#xE2;on de la Rep&#xE2;ublica de Colombia / NelsonGonz&#xE2;alez-Ortega -- Secuestro de la voz y de la identidad neogranadina por la Corona espa&#x646;nola durante el comienzo de la invasi&#xE2;on : las obras que "sufrieron el ultraje de manuscritos entre el concurso de muchos libros impresos" / Yunsook Kim -- Lengua y prestigio en el Per&#xE2;u colonial / &#xE2;Angela Helmer -- Escritura y deseo en solares y claustros coloniales / Manuel Alejandro Dur&#xE2;an -- Re-conocimiento cautivado : manifestaciones discursivas de un sujeto cautivo en la &#xE2;ultima frontera / Maura Salvo.</subfield>
  </datafield>
  <datafield tag="650" ind1=" " ind2="0">
    <subfield code="a">Spanish literature</subfield>
    <subfield code="z">New Spain</subfield>
    <subfield code="x">History and criticism.</subfield>
  </datafield>
  <datafield tag="651" ind1=" " ind2="0">
    <subfield code="a">New Spain</subfield>
    <subfield code="x">Civilization.</subfield>
  </datafield>
  <datafield tag="700" ind1="1" ind2=" ">
    <subfield code="a">Parodi, Claudia.</subfield>
  </datafield>
  <datafield tag="700" ind1="1" ind2=" ">
    <subfield code="a">Rodriguez, Jimena N.</subfield>
  </datafield>
  <datafield tag="902" ind1=" " ind2=" ">
    <subfield code="a">2</subfield>
  </datafield>
  <datafield tag="905" ind1=" " ind2=" ">
    <subfield code="a">Jamal</subfield>
    <subfield code="e">Rev.</subfield>
  </datafield>
  <datafield tag="905" ind1=" " ind2=" ">
    <subfield code="a">Jihan</subfield>
    <subfield code="e">Cat.</subfield>
  </datafield>
  <datafield tag="942" ind1=" " ind2=" ">
    <subfield code="2">ddc</subfield>
    <subfield code="c">BK</subfield>
  </datafield>
  <datafield tag="999" ind1=" " ind2=" ">
    <subfield code="c">130523</subfield>
    <subfield code="d">130523</subfield>
  </datafield>
  <datafield tag="952" ind1=" " ind2=" ">
    <subfield code="2">ddc</subfield>
    <subfield code="7">0</subfield>
    <subfield code="a">CUCL</subfield>
    <subfield code="b">cl312</subfield>
    <subfield code="d">2024-02-11</subfield>
    <subfield code="o">972.02 C39792 c.1 Spa.</subfield>
    <subfield code="p">01000116003715000</subfield>
    <subfield code="r">2024-07-05 00:00:00</subfield>
    <subfield code="y">BK</subfield>
  </datafield>
  <datafield tag="952" ind1=" " ind2=" ">
    <subfield code="2">ddc</subfield>
    <subfield code="7">0</subfield>
    <subfield code="a">CUCL</subfield>
    <subfield code="b">cl312</subfield>
    <subfield code="d">2024-02-11</subfield>
    <subfield code="o">972.02 C39792 c.2 Spa.</subfield>
    <subfield code="p">01000116003716000</subfield>
    <subfield code="r">2024-07-05 00:00:00</subfield>
    <subfield code="y">BK</subfield>
  </datafield>
</record>
